Zeus Vernon B. Millan (Record no. 6176)

MARC details
000 -LEADER
fixed length control field 00540nam a22001817a 4500
003 - CONTROL NUMBER IDENTIFIER
control field OSt
005 - DATE AND TIME OF LATEST TRANSACTION
control field 20251125093127.0
008 - FIXED-LENGTH DATA ELEMENTS--GENERAL INFORMATION
fixed length control field 251125b |||||||| |||| 00| 0 eng d
020 ## - INTERNATIONAL STANDARD BOOK NUMBER
International Standard Book Number 978-621-8029-15-6
040 ## - CATALOGING SOURCE
Original cataloging agency DWC-Main lib
Transcribing agency OC
082 ## - DEWEY DECIMAL CLASSIFICATION NUMBER
Classification number Fil. 657.835 M645g 2018
100 ## - MAIN ENTRY--PERSONAL NAME
Personal name Millan, Zeus Vernon B.
245 ## - TITLE STATEMENT
Title Zeus Vernon B. Millan
260 ## - PUBLICATION, DISTRIBUTION, ETC.
Place of publication, distribution, etc. Baguio Philippines :
Name of publisher, distributor, etc. Bandolin Enterprises,
Date of publication, distribution, etc. c2018.
300 ## - PHYSICAL DESCRIPTION
Extent x , 483 pages :
Other physical details illustration ;
Dimensions 22cm.
650 ## - SUBJECT ADDED ENTRY--TOPICAL TERM
Topical term or geographic name entry element 1. Accounting
942 ## - ADDED ENTRY ELEMENTS (KOHA)
Source of classification or shelving scheme Dewey Decimal Classification
Koha item type Book-Filipiniana
Call number prefix Fil.
Suppress in OPAC No

No items available.